000 01933nam a2200481 a 4500
001 nkc20112199623
003 CZ PrSKC
005 20260319100320.0
007 ta
008 110627s2011 xr abefg f 001 0 cze
020 _a9788072178865
040 _aOLA001
_bcze
_dABA001
041 1 _acze
_heng
072 7 _a913(4)
_xGeografie Evropy, reálie, cestování
_2Konspekt
080 _a913(44)
_2MRF
080 _a(036)913
_2MRF
100 1 _aWalker, Neville
_4aut
_4com
_920535
245 1 0 _aProvence a Azurové pobřeží /
_cnapsali a sestavili Neville Walker a Greg Ward ; dále přispěla Kate Baillie ; [z anglického originálu ... přeložili a aktualizovali Dalibor Mahel, Ivan Pavlov a Eva Dejmková]
246 3 0 _aAzurové pobřeží
246 1 4 _aTuristický průvodce - Provence & Azurové pobřeží
250 _a3. vyd.
260 _aBrno :
_bJota,
_c2011
300 _axxiv, 459 s., [8] s. obr. příl. :
_bil. (některé barev.), mapy, plány ;
_c20 cm +
_e1 DVD
490 1 _aPrůvodce ;
_vsv. 145
500 _aFrancouzsko-český slovník
500 _aObsahuje rejstřík
520 2 _aCestovní příručka obsahuje zakladní informace pro turisty i informace o krásách přírody, zajímavé údaje o dějinách kraje i popisy měst a památek.
651 7 _aProvence (Francie)
_2czenas
_91980
651 7 _aAzurové pobřeží (Francie)
_2czenas
_920536
651 9 _aProvence (France)
_2eczenas
_920537
651 9 _aRiviera (France)
_2eczenas
_920538
655 7 _aturistické průvodce
_92104
655 9 _atourist guidebooks
_92118
700 1 _aWard, Greg
_4aut
_4com
_920539
700 1 _aBaillie, Kate
_4ctb
_920540
700 1 _aMahel, Dalibor,
_d1965-
_4trl
_920541
700 1 _aPavlov, Ivan
_4trl
_920542
700 1 _aDejmková, Eva
_4trl
_96828
765 0 _tRough guide to Provence & Côte d'Azur
765 1 _tProvence & Côte d'Azur
910 _aABG508
999 _c34087
_d34087